| 000 | 01330cam a2200349Mi 4500 | ||
|---|---|---|---|
| 001 | 93263 | ||
| 005 | 20230411090051.0 | ||
| 008 | 071205s2007 fr f 000 0 fre d | ||
| 035 | _a(OCoLC)ocn300164752 | ||
| 040 |
_aRUQBL _cRUQBL |
||
| 020 | _a9782266180573 | ||
| 020 | _a2266180576 | ||
| 035 | _a(OCoLC)300164752 | ||
| 044 | _cFR | ||
| 084 |
_a378 _2electre |
||
| 049 | _aGRAL | ||
| 100 | 1 |
_aMarron, José-Maria. _4aut |
|
| 245 | 0 | 3 |
_aCivilisation espagnole : _bculture et civilisation. |
| 250 | _a2e et nouv. éd. | ||
| 260 |
_aParis : _bLangues pour tous, _c2007. |
||
| 263 | _a200711 | ||
| 300 |
_a511 p. ; _c18 x 11 cm. |
||
| 440 | 0 | _aMéthodes | |
| 504 | _aIndex. Lexique. | ||
| 520 | _aParcourt d'abord les grandes étapes de l'histoire (monarchie, Inquisition, découverte de l'Amérique, guerre civile...) jusqu'à la démocratie actuelle. Puis sont abordées différentes thématiques qui constituent la civilisation espagnole : les institutions, l'économie, la démographie, l'éducation, les médias, ainsi que les phénomènes de la société contemporaine. | ||
| 651 | 4 |
_aEspagne _xcivilisation. |
|
| 653 |
_ahistoire _acivilisation _aéconomie _ainstitution politique _asociété _aEspagne |
||
| 700 | 1 |
_aRegnier, Christian. _4aut |
|
| 942 |
_2lcc _cbk |
||
| 994 |
_aC0 _bDRFGD |
||
| 946 | _aYM | ||
| 999 |
_c111901 _d111901 |
||